Statistics for Olivia Rodrigo - Guess The Song w/ No Hint #2

Click here to take the quiz!

General Stats

  • This quiz has been taken 712 times
  • The average score is 178 of 280

Answer Stats

HintAnswer% Correct
VerseI
99%
a
93%
you
92%
me,
83%
me
83%
the
83%
And
80%
and
80%
to
80%
be
79%
my
78%
so
78%
it
77%
love
74%
all
73%
ChorusAll
73%
I'm
73%
like
73%
like,
73%
for
72%
want
72%
where
72%
your
72%
Of
71%
of
71%
that
71%
who
71%
in
70%
is
69%
am
68%
brutal
67%
was
67%
hate
66%
They
66%
not
65%
This
65%
this
65%
can
64%
did
64%
don't
64%
dont
64%
it's
64%
(It's
64%
up
64%
are
63%
get?
63%
here)
63%
here
63%
here,
63%
if
63%
If
63%
kind
63%
out
63%
think
62%
one
61%
best
60%
But
60%
Cause
59%
God,
59%
try
59%
wish
59%
dream?
58%
fucking
58%
start
58%
teenage
58%
before
57%
could
57%
I'll
57%
new
57%
sick
57%
life
56%
likes
56%
time
56%
time)
56%
cry
55%
die
55%
hates
55%
know
55%
more
55%
seventeen
55%
gonna
54%
say
54%
Where's
54%
drink
53%
insecure,
53%
people
53%
someone
53%
can't
52%
"Enjoy
52%
OutroGot
52%
job,
52%
might
52%
news
52%
Quit
52%
tired
52%
youth"
52%
caught
51%
disappointed
51%
have
50%
tells
50%
exploited
49%
golden
49%
help
49%
I'd
49%
myself
49%
upset
49%
years
49%
anxious
48%
disappear
48%
done
48%
Ego
48%
ego,
48%
even
48%
every
48%
nothing
48%
these
48%
liked
47%
real
47%
thanks
46%
way
46%
crush
45%
friends
45%
good
45%
stick
45%
they'd
45%
cool
44%
severe
44%
smart
44%
song
43%
only
42%
two
42%
messy
41%
park
41%
write
41%
feel
40%
parallel
40%
nervous
38%
heart
37%
lately,
36%
broken
35%
wished
35%
wreck
35%
no-one
34%
Unrelentlessly
34%
wants
34%
Just
33%
Yeah!
33%
(Yeah!
33%
Ah,
31%
percieved
25%
really
20%
having
17%

Score Distribution

Percentile by Number Answered

Percent of People with Each Score

Your Score History

You have not taken this quiz